000 00739nam a2200229 u 4500
005 20240228064107.0
008 121107s2007 mx r 000 0 spa d
020 _a9789681682521
035 _aUPN01000188225
049 _aI
050 4 _aPZ74.9
_bJ4.4
100 1 _aJeffers, Oliver,
_d1977-
_933690
245 1 3 _aEl increíble niño comelibros /
_cOliver Jeffers ; tr. Francisco Segovia.
260 _aMéxico :
_bFCE,
_c2007.
300 _a[32] p. :
_bil. col.
440 4 _aLos especiales de A la orilla del viento
534 _pTítulo original:
_tThe increbible book eating boy
650 4 _aLibros y lectura para niños
_92290
650 4 _aLITERATURA INFANTIL AUSTRALIANA
_916242
905 _aInfantil
999 _c160328
_d160328